| 000 | 00512nam a2200193 i 4500 | ||
|---|---|---|---|
| 001 | 39883 | ||
| 003 | ES-MaACL | ||
| 007 | t| | ||
| 008 | 030304s1953 sp ||||1| spa d | ||
| 100 | 1 |
_aCañas, José María. _934736 |
|
| 245 | 1 | 0 |
_aNubes y Barro / _cJosé María Cañas. |
| 250 | _a[1ª ed.]. | ||
| 260 |
_aBarcelona : _bLuis de Caratt, _c[1953] ( _fSimpar) |
||
| 300 |
_a286 p. ; _c21 cm. |
||
| 490 | 1 | _aGoliat | |
| 830 | 0 |
_aGoliat _9181396 |
|
| 852 |
_aES-MaACL _jC-5795 _bR.34567 |
||
| 999 |
_c39883 _d39883 |
||